000 01073nam a2200277Ia 4500
003 OSt
005 20220923225224.0
006 a|||||r|||| 00| 0
007 ta
008 Pun
020 _c300
024 _a260,656
037 _b651, 22/03/2012, H.K. Prakashan
_cTextual
040 _aARTS
_cARTS
_bPun
041 _2Pun
_aPun
082 _aO153,1NKA1:g, P4
100 _aਲਾਂਬਾ, ਗੋਬਿੰਦ ਸਿੰਘ, ਥਦ.
_9156325
245 0 _aਕਿੱਸਾ ਕਾਮਰੂਪ ਕ੍ਰਿਤ ਅਹਿਮਦਯਾਰ
_b ਸੰਪਾਦਨ ਤੇ ਵਿਵੇਚਨ
260 _aਪਟਿਆਲਾ
_b ਗੋਬਿੰਦ ਸਿੰਘ ਲਾਂਬਾ ਪ੍ਰਕਾFਨ
_c2004
300 _a303ਪੰ
_ccm.
650 _a Fਥੱਸਾਂ ਥਾਂਰੁOੂਭ
_9168521
650 _a ਪੰਜਾਬੀ ਕਾਵਿ
650 _aਪੰਜਾਬੀ ਸਾਹਿਤ
942 _hO153,1NKA1:g, P4
_cTEXL
_2CC
999 _c376811
_d376811